Statistics for Venice Golden Lion Winners

Click here to take the quiz!

General Stats

  • This quiz has been taken 25 times
    (22 since last reset)
  • The average score is 12 of 57

Answer Stats

HintCountryDirectorAnswer% Correct
2005USAAng LeeBrokeback Mountain
87%
1951JapanAkira KurosawaRashomon
67%
2008USADarren AronofskyThe Wrestler
67%
France/PolandKrzysztof KieslowskiThree Colours: Blue
60%
1997JapanTakeshi KitanoFireworks
47%
Soviet UnionAndrei TarkovskyIvan's Childhood
47%
2007USA/China/TaiwanAng LeeLust, Caution
47%
2003RussiaAndrey ZvyagintsevThe Return
47%
1955DenmarkCarl Theodor DreyerThe Word
47%
1967FranceLuis BunuelBeauty of the Day
40%
2011RussiaAlexander SokurovFaust
40%
2012South KoreaKim Ki-dukPietà
40%
2010USASofia CoppolaSomewhere
40%
2006ChinaJia ZhangkeStill Life
40%
2004United KingdomMike LeighVera Drake
40%
USAJohn CassavetesGloria
33%
2013ItalyGianfranco RosiSacro GRA
33%
1987FranceLouis MalleAu revoir, les enfants
27%
2009IsraelSamuel MaozLebanon
27%
2001India/USA/Italy/France/GermanyMira NairMonsoon Wedding
27%
1964ItalyMichelangelo AntonioniRed Desert
27%
1993USARobert AltmanShort Cuts
27%
1966ItalyGillo PontecorvoThe Battle of Algiers
27%
1985FranceAgnès VardaVagabond
27%
1989TaiwanHou Hsiao-HsienA City of Sadness
20%
1995France/VietnamAnh Hung TranCyclo
20%
1961FranceAlain ResnaisLast Year in Marienbad
20%
1996IrelandNeil JordanMichael Collins
20%
2000IranJafar PanahiThe Circle
20%
1983FranceJean-Luc GodardFirst Name: Carmen
13%
1965ItalyLuchino ViscontiSandra of a Thousand Delights
13%
ItalyMario MonicelliThe Great War
13%
1986FranceÉric RohmerThe Green Ray
13%
1982West GermanyWim WendersThe State of Things
13%
1980Canada/FranceLouis MalleAtlantic City
7%
1963ItalyFrancesco RosiHands Over The City
7%
1999ChinaZhang YimouNot One Less
7%
2002IrelandPeter MullanThe Magdalene Sisters
7%
1992ChinaZhang YimouThe Story of Qiu Ju
7%
1957IndiaSatyajit RayThe Unvanquished
7%
1991Soviet UnionNikita MikhalkovUrga
7%
1968West GermanyAlexander KlugeArtists under the Big Top: Perplexed
0%
MacedoniaMilco MancevskiBefore the Rain
0%
1962ItalyValerio ZurliniFamily Diary
0%
1952FranceRené ClementForbidden Games
0%
1959ItalyRoberto RosselliniGeneral della Rovere
0%
1950FranceAndré CayatteJustice Is Done
0%
1949FranceHenri-Georges ClouzotManon
0%
1981West GermanyMargarethe von TrottaMarianne and Juliane
0%
1958JapanHiroshi InagakiRickshaw Man
0%
1954ItalyRenato CastellaniRomeo and Juliet
0%
1990United Kingdom/USATom StoppardRosencrantz & Guildenstern Are Dead
0%
1960FranceAndré CayatteThe Crossing of the Rhine
0%
1988ItalyErmanno OlmiThe Legend of the Holy Drinker
0%
1998ItalyGianni AmelioThe Way We Laughed
0%
1984PolandKrzysztof ZanussiThe Year of the Quiet Sun
0%
1994TaiwanTsia Miang-langVive L'Armour
0%

Score Distribution

Percentile by Number Answered

Percent of People with Each Score

Your Score History

You have not taken this quiz since the last reset